[Event "Tenerife-ch Seniors"]
[Site "Santa Cruz de Tenerife"]
[Date "2022.03.18"]
[Round "2.3"]
[White "Hoyas Cebrian, Lucas"]
[Black "Febles Dominguez, Alfonso Jesus"]
[Result "1-0"]
[WhiteElo "1930"]
[BlackElo "1282"]
[PlyCount "51"]
[EventDate "2022.03.16"]
[EventType "swiss"]
[EventRounds "7"]
[EventCountry "ESP"]
[SourceTitle "EXT 2024"]
[Source "ChessBase"]
[SourceDate "2023.10.10"]
[SourceVersion "1"]
[SourceVersionDate "2023.10.10"]
[SourceQuality "1"]

1. Nc3 Nc6 2. e4 e6 3. d4 d5 4. e5 Bb4 5. Qg4 g6 6. a3 Bxc3+ 7. bxc3 a6 8. h4 h5 9. Qg3 Nh6 10. Bg5 Nf5 11. Qf4 Qd7 12. Bd3 Nce7 13. f3 Qc6 14. Ne2 Bd7 15. g4 hxg4 16. fxg4 Ng7 17. Qf6 0-0-0 18. Qxg7 Rde8 19. Bxe7 b5 20. Qxf7 Reg8 21. Bc5 Be8 22. Qf6 Rh7 23. Nf4 Rf7 24. Qxe6+ Qd7 25. Qxd5 Rgg7 26. Qa8# 1-0

[Event "Tenerife-chT Tercera-B 1920"]
[Site "Tenerife"]
[Date "2019.12.14"]
[Round "2.1"]
[White "De La Rosa Baez, Carlos"]
[Black "Hoyas Cebrian, Lucas"]
[Result "0-1"]
[WhiteElo "1513"]
[BlackElo "1878"]
[PlyCount "68"]
[EventDate "2019.11.30"]
[EventType "team-tourn"]
[EventRounds "14"]
[EventCountry "ESP"]
[SourceTitle "CBM 195 Extra"]
[Source "ChessBase"]
[SourceDate "2020.05.31"]
[SourceVersion "1"]
[SourceVersionDate "2020.05.31"]
[SourceQuality "1"]
[WhiteTeam "Ebano Barrio Nuevo V"]
[BlackTeam "Smyslov Anaza"]
[WhiteTeamCountry "ESP"]
[BlackTeamCountry "ESP"]

1. Nf3 Nf6 2. c4 e6 3. g3 d5 4. Bg2 c6 5. d4 Bd6 6. 0-0 h6 7. Nc3 0-0 8. Qc2 Nbd7 9. c5 Bc7 10. Bd2 e5 11. dxe5 Nxe5 12. Nxe5 Bxe5 13. Rfd1 Qe7 14. b4 d4 15. Ne4 d3 16. exd3 Bxa1 17. Rxa1 Nxe4 18. Re1 Bf5 19. dxe4 Bg6 20. Bf4 Rfe8 21. Bd6 Qd7 22. Qc3 f6 23. h4 Qe6 24. a3 Rad8 25. Kh2 Qa2 26. Kg1 Bf7 27. Bf3 Qb3 28. Qxb3 Bxb3 29. Bh5 Bf7 30. Bg4 h5 31. Bf5 g6 32. Bh3 Be6 33. Bg2 Kf7 34. Bf1 b6 0-1

[Event "Santa Cruz de Tenerife Primavera op"]
[Site "Santa Cruz de Tenerife"]
[Date "2019.03.20"]
[Round "5"]
[White "Lopez Pereyra, Antonio"]
[Black "Hoyas Cebrian, Lucas"]
[Result "1-0"]
[WhiteElo "2025"]
[BlackElo "1868"]
[PlyCount "67"]
[EventDate "2019.03.11"]
[EventType "swiss"]
[EventRounds "9"]
[EventCountry "ESP"]
[SourceTitle "CBM 190 Extra"]
[Source "ChessBase"]
[SourceDate "2019.07.15"]
[SourceVersion "1"]
[SourceVersionDate "2019.07.15"]
[SourceQuality "1"]

1. e4 d6 2. d4 e5 3. f4 exf4 4. Bxf4 Nf6 5. Nc3 c6 6. Nf3 Be7 7. Bd3 Bg4 8. 0-0 0-0 9. Qd2 Nbd7 10. Rae1 Nh5 11. Be3 Nb6 12. Nd1 Nf6 13. Nf2 Bh5 14. c4 Bg6 15. Qc2 d5 16. exd5 cxd5 17. Bxg6 hxg6 18. c5 Nbd7 19. Ng5 Ng4 20. Nxg4 Bxg5 21. Bxg5 Qxg5 22. Ne5 Nf6 23. Nf3 Qf4 24. g3 Qc7 25. Ng5 Rae8 26. b4 a6 27. a4 Qd7 28. Nf3 Qg4 29. Kg2 Ne4 30. b5 f6 31. Qb3 Qd7 32. Rc1 Rc8 33. Rc2 Kf7 34. Ne5+ 1-0

[Event "Tenerife-ch Seniors"]
[Site "Santa Cruz"]
[Date "2019.02.08"]
[Round "3"]
[White "Hoyas Cebrian, Lucas"]
[Black "Lopez Pereyra, Antonio"]
[Result "1/2-1/2"]
[WhiteElo "1854"]
[BlackElo "2042"]
[PlyCount "83"]
[EventDate "2019.02.01"]
[EventType "swiss"]
[EventRounds "7"]
[EventCountry "ESP"]
[SourceTitle "EXT 2024"]
[Source "ChessBase"]
[SourceDate "2023.10.10"]
[SourceVersion "1"]
[SourceVersionDate "2023.10.10"]
[SourceQuality "1"]

1. d4 f5 2. g4 d5 3. gxf5 Bxf5 4. Bh3 Qd7 5. Bxf5 Qxf5 6. Qd3 Qd7 7. Nc3 Nc6 8. Bf4 0-0-0 9. 0-0-0 e5 10. Bxe5 Nxe5 11. dxe5 d4 12. Ne4 Qd5 13. Kb1 Ne7 14. Nf3 c5 15. Nd6+ Rxd6 16. exd6 Nc6 17. d7+ Qxd7 18. a3 Be7 19. h4 Bf6 20. Ng5 Kb8 21. Ne4 Be7 22. Qg3+ Ka8 23. Qxg7 Rd8 24. Qxh7 Ne5 25. Rhg1 Nc4 26. Nd2 Nxb2 27. Kxb2 c4 28. Ka2 c3 29. Nb3 Qd6 30. Qxe7 Qxe7 31. Rxd4 Rxd4 32. Nxd4 Qf7+ 33. Kb1 a5 34. Nb5 Qc4 35. Rg5 b6 36. Re5 Qxh4 37. Nxc3 Qxf2 38. Kb2 Kb7 39. a4 Kc6 40. Re6+ Kd7 41. Rd6+ Ke7 42. Rd5 1/2-1/2

[Event "San Cristobal de La Laguna-ch Seniors"]
[Site "San Cristobal de La Laguna"]
[Date "2018.01.22"]
[Round "4.2"]
[White "Hoyas Cebrian, Lucas"]
[Black "Blazquez Murez, Jose Antonio"]
[Result "1-0"]
[WhiteElo "1847"]
[BlackElo "1753"]
[PlyCount "115"]
[EventDate "2018.01.15"]
[EventType "swiss"]
[EventRounds "6"]
[EventCountry "ESP"]
[SourceTitle "EXT 2024"]
[Source "ChessBase"]
[SourceDate "2023.10.10"]
[SourceVersion "1"]
[SourceVersionDate "2023.10.10"]
[SourceQuality "1"]

1. d4 Nf6 2. c4 g6 3. Nc3 Bg7 4. e4 d6 5. f3 0-0 6. Be3 c6 7. Qd2 a6 8. Bh6 e5 9. d5 cxd5 10. cxd5 Nxe4 11. Nxe4 Qh4+ 12. g3 Qxh6 13. Qxh6 Bxh6 14. Nxd6 Rd8 15. Nxc8 Rxc8 16. Ne2 Rd8 17. Nc3 Nd7 18. Bc4 b5 19. Bb3 Nc5 20. Bc2 f5 21. b4 Nb7 22. Bb3 Nd6 23. Kf2 Bd2 24. Ne2 Bxb4 25. Rac1 Ba3 26. Rc6 Nc4 27. Rd1 Rd6 28. Bxc4 bxc4 29. Rxc4 Rad8 30. Rd3 Bb2 31. Rb4 e4 32. fxe4 fxe4 33. Rxe4 Rxd5 34. Rb3 Be5 35. Rb6 a5 36. a4 Bd6 37. Rb7 Rf8+ 38. Kg2 Rd2 39. Rb5 Bb4 40. Kh3 Ra2 41. Nf4 Rxa4 42. Rb7 Ra2 43. Rd4 Rd2 44. Rbxb4 Rxh2+ 45. Kxh2 axb4 46. Rxb4 Kg7 47. Rb7+ Kf6 48. Rxh7 g5 49. Rh6+ Kf5 50. Ng2 Kg4 51. Ne3+ Kf3 52. Nd5 Rd8 53. Rf6+ Ke4 54. Nc3+ Ke3 55. Kh3 Rd3 56. Nb5 Rb3 57. Rf3+ Kxf3 58. Nd4+ 1-0

[Event "San Cristobal de La Laguna-ch Seniors"]
[Site "San Cristobal de La Laguna"]
[Date "2018.01.19"]
[Round "3.1"]
[White "Hoyas Cebrian, Lucas"]
[Black "Jimenez Arteaga, Angel"]
[Result "0-1"]
[WhiteElo "1847"]
[BlackElo "1812"]
[PlyCount "64"]
[EventDate "2018.01.15"]
[EventType "swiss"]
[EventRounds "6"]
[EventCountry "ESP"]
[SourceTitle "EXT 2024"]
[Source "ChessBase"]
[SourceDate "2023.10.10"]
[SourceVersion "1"]
[SourceVersionDate "2023.10.10"]
[SourceQuality "1"]

1. f4 Nf6 2. Nf3 c5 3. e3 g6 4. b3 Bg7 5. Bb2 0-0 6. d3 d5 7. Be2 b6 8. Ne5 Bb7 9. Nd2 Nfd7 10. Nxd7 Qxd7 11. Bxg7 Kxg7 12. Nf3 Nc6 13. Qd2 f6 14. d4 cxd4 15. exd4 a6 16. 0-0 e6 17. Rad1 Rac8 18. c4 Rfd8 19. cxd5 exd5 20. f5 Ne7 21. Ne5 fxe5 22. f6+ Kh8 23. fxe7 Qxe7 24. dxe5 Qxe5 25. Rf7 Rc7 26. Rdf1 Rdd7 27. Rf8+ Kg7 28. R8f3 Rf7 29. Rh3 Rxf1+ 30. Bxf1 Rf7 31. Re3 Qf4 32. Bd3 d4 0-1

[Event "Tenerife-chT Primera 1718"]
[Site "Tenerife"]
[Date "2018.01.13"]
[Round "6.1"]
[White "Hoyas Cebrian, Lucas"]
[Black "Reyes Lopez, Angel"]
[Result "1-0"]
[WhiteElo "1864"]
[BlackElo "1815"]
[PlyCount "55"]
[EventDate "2017.11.11"]
[EventType "team-tourn"]
[EventRounds "14"]
[EventCountry "ESP"]
[SourceTitle "CBM 187 Extra"]
[Source "ChessBase"]
[SourceDate "2018.11.04"]
[SourceVersion "1"]
[SourceVersionDate "2018.11.04"]
[SourceQuality "1"]
[WhiteTeam "La Victoria 94 II"]
[BlackTeam "Laguna Cotelec III"]
[WhiteTeamCountry "ESP"]
[BlackTeamCountry "ESP"]

1. f4 e5 2. fxe5 d6 3. exd6 Bxd6 4. Nf3 g5 5. g3 g4 6. Nh4 Nc6 7. Bg2 Be7 8. Bxc6+ bxc6 9. Ng2 Bc5 10. e3 Bf5 11. b4 Be7 12. 0-0 Bc8 13. Bb2 Bf6 14. Rxf6 Nxf6 15. Qf1 Rg8 16. Qxf6 Qxf6 17. Bxf6 Rb8 18. a3 Rg6 19. Bd4 h5 20. c3 Ba6 21. Nf4 Rg5 22. d3 Kd7 23. Nd2 f5 24. Nb3 Kd6 25. Bc5+ Kd7 26. Na5 Rgg8 27. Nb3 Rbd8 28. Nd4 1-0

[Event "Santa Cruz de Tenerife Autumn op"]
[Site "Santa Cruz de Tenerife"]
[Date "2017.10.18"]
[Round "5"]
[White "Hidalgo Santana, Fernando"]
[Black "Hoyas Cebrian, Lucas"]
[Result "1-0"]
[WhiteElo "2128"]
[BlackElo "1864"]
[PlyCount "117"]
[EventDate "2017.10.09"]
[EventType "swiss"]
[EventRounds "9"]
[EventCountry "ESP"]
[SourceTitle "CBM 181 Extra"]
[Source "ChessBase"]
[SourceDate "2017.12.12"]
[SourceVersion "1"]
[SourceVersionDate "2017.12.12"]
[SourceQuality "1"]

1. g3 d5 2. Bg2 e5 3. c4 c6 4. cxd5 cxd5 5. Qb3 e4 6. Nc3 Nf6 7. d3 exd3 8. exd3 d4 9. Qa4+ Nc6 10. Nce2 Bb4+ 11. Kf1 Qb6 12. a3 Bd6 13. Nxd4 Bd7 14. Nxc6 bxc6 15. Bf4 Ng4 16. Re1+ Kd8 17. Re2 Re8 18. Rd2 Bxf4 19. Qxf4 Re6 20. Nf3 Rf6 21. Qc4 Be6 22. Qc3 Bd5 23. d4 Qb3 24. Qxb3 Bxb3 25. Ne5 Ne3+ 26. Kg1 Nxg2 27. Kxg2 Bd5+ 28. f3 Rb8 29. b4 g5 30. Rf1 h5 31. Kf2 a5 32. Rb2 axb4 33. Rxb4 Rxb4 34. axb4 Kc7 35. Ke3 Re6 36. Kd2 Re8 37. Rc1 Kd6 38. Nc4+ Bxc4 39. Rxc4 Ra8 40. Rc5 f6 41. h4 g4 42. Rxh5 gxf3 43. Rf5 Ra3 44. Ke1 Ke6 45. Rc5 Kd6 46. h5 Rb3 47. Rf5 Ke6 48. Rf4 f5 49. Kf2 Ra3 50. Rxf3 Ra8 51. Rc3 Kd6 52. Rc5 Rb8 53. Rxf5 Rxb4 54. Rf4 Ke6 55. Kf3 Rb5 56. Kg4 Rd5 57. h6 Rd8 58. Kh5 Rg8 59. h7 1-0

[Event "Santa Cruz de Tenerife Autumn op"]
[Site "Santa Cruz de Tenerife"]
[Date "2017.10.11"]
[Round "2"]
[White "Fernandez Garcia, Jose Luis"]
[Black "Hoyas Cebrian, Lucas"]
[Result "1-0"]
[WhiteElo "2431"]
[BlackElo "1864"]
[PlyCount "55"]
[EventDate "2017.10.09"]
[EventType "swiss"]
[EventRounds "9"]
[EventCountry "ESP"]
[SourceTitle "CBM 181 Extra"]
[Source "ChessBase"]
[SourceDate "2017.12.12"]
[SourceVersion "1"]
[SourceVersionDate "2017.12.12"]
[SourceQuality "1"]

1. e4 c6 2. c4 d5 3. cxd5 cxd5 4. exd5 Nf6 5. Nc3 Nxd5 6. Nf3 Nxc3 7. bxc3 Nc6 8. d4 e6 9. Bd3 Be7 10. 0-0 0-0 11. Re1 Qa5 12. Qc2 h6 13. Rb1 Qc7 14. Rb5 f5 15. Bc4 Nd8 16. Bb3 Kh8 17. Rbe5 Bd6 18. R5e3 b5 19. Ne5 Bxe5 20. Rxe5 Nf7 21. Rxb5 Bd7 22. Rc5 Qb6 23. Qe2 Rac8 24. Ba3 Rfe8 25. Qh5 Ng5 26. Bc1 Qd8 27. Rxc8 Bxc8 28. Bxg5 1-0

[Event "Santa Cruz de Tenerife Trophy"]
[Site "Santa Cruz de Tenerife"]
[Date "2017.05.09"]
[Round "9"]
[White "Lopez Pereyra, Antonio"]
[Black "Hoyas Cebrian, Lucas"]
[Result "1-0"]
[WhiteElo "2150"]
[BlackElo "1895"]
[PlyCount "53"]
[EventDate "2017.03.09"]
[EventType "swiss"]
[EventRounds "9"]
[EventCountry "ESP"]
[SourceTitle "EXT 2018"]
[Source "ChessBase"]
[SourceDate "2017.10.13"]
[SourceVersion "1"]
[SourceVersionDate "2017.10.13"]
[SourceQuality "1"]

1. e4 e5 2. f4 d6 3. Nf3 Bg4 4. Bc4 Nf6 5. Nc3 Nc6 6. d3 Bxf3 7. Qxf3 Nd4 8. Qd1 Be7 9. 0-0 0-0 10. a4 c6 11. fxe5 dxe5 12. Kh1 Qd7 13. Bg5 h6 14. Bxf6 Bxf6 15. Rxf6 gxf6 16. Qh5 Kg7 17. Rf1 Rh8 18. Nd1 Rh7 19. Ne3 Rg8 20. Ng4 f5 21. Nxe5 Qe8 22. Bxf7 Qd8 23. Bxg8 Kxg8 24. c3 Ne6 25. Qg6+ Ng7 26. Qf7+ Kh8 27. Ng6# 1-0

[Event "Tenerife Navidad op 27th"]
[Site "Tenerife"]
[Date "2016.12.26"]
[Round "6"]
[White "Kurajica, Bojan"]
[Black "Hoyas Cebrian, Lucas"]
[Result "1-0"]
[WhiteElo "2518"]
[BlackElo "1908"]
[PlyCount "44"]
[EventDate "2016.12.19"]
[EventType "swiss"]
[EventRounds "9"]
[EventCountry "ESP"]
[SourceTitle "CBM 176 Extra"]
[Source "ChessBase"]
[SourceDate "2017.03.02"]
[SourceVersion "1"]
[SourceVersionDate "2017.03.02"]
[SourceQuality "1"]

1. Nf3 Nf6 2. c4 e6 3. g3 a6 4. Bg2 b5 5. b3 Bb7 6. 0-0 c5 7. Bb2 Be7 8. Nc3 Qb6 9. e3 0-0 10. Qe2 bxc4 11. Qxc4 d5 12. Na4 Qb5 13. Qc3 Nc6 14. Rfc1 c4 15. Bf1 Qb4 16. Qxb4 Bxb4 17. bxc4 dxc4 18. Rxc4 Bd6 19. Nc5 Bxc5 20. Rxc5 Ne4 21. Rcc1 Rac8 22. Ba3 Rfe8 1-0